¿Lleva tilde? - Estadísticas

Estadísticas generales
  • Esta prueba ha sido intentada 73 veces
  • La puntuación promedio es 13 de 18
Estadísticas de respuestas
Hint Respuesta % Correcto
Ásia / Asia Sin
98%
Cúspide / Cuspide Con
93%
Diós / Dios Sin
93%
Mámut / Mamut Sin
89%
Sofá / Sofa Con
87%
Fé / Fe Sin
87%
Ordén / Orden Sin
87%
Papúa / Papua Con
85%
Reído / Reido Con
83%
Róbot / Robot Sin
83%
Bíceps / Biceps Con
78%
Búho / Buho Con
76%
Dió / Dio Sin
76%
Grúa / Grua Con
59%
Másters / Masters Con
54%
Guión / Guion Sin
41%
Orígen / Origen Sin
39%
Truhán / Truhan Sin
20%
No se encontraron pruebas coincidentes
Distribución de puntuación
Porcentaje de gente con cada puntuación
Porcentaje por número respondido
Historial de tus puntuaciones
No has intentado esta prueba.